00808nam a2200193 a 450000500170000000800410001702000180005805000250007610000190010124500740012026000540019430000170024844000330026552001210029865000330041965000200045299900190047295201230049120140412111250.0020409s19uu xx 00 eng d a0-590-76495-0 aTR(GS 414bS36 bk. 8 aDaniel, Claire aConsonant blends & digraphs :bbk. 8, grades 1-2 /cby Claire Daniel. aNew York :bScholastic Professional Books,c1997. a32 p. ; ill. aScholastic Fun with Phonics! aInstant Activities, Games, Take-Home Book, Fun Skill Pages, and 32 Picture/Word Cards to Build Early Reading Skills. aReadingxJuvenile literature aReadingxskills c103110d103110 001040aELbELcTRd2002-04-09eLib. Fundg425.00l0oTR(GS 414 S36 bk. 8pE3881r2014-04-12 00:00:00w2014-04-12yBK